000 00671nam a2200253Ia 4500
003 OSt
005 20220918163209.0
006 a|||||r|||| 00| 0
007 ta
008 220917b |||||||| |||| 00| 0 eng d
020 _a0 210 98129 6
024 _a252,789
037 _cTextual
040 _aARTS
_cARTS
_beng
041 _2eng
_aeng
082 _aZ1:881, L4
100 _aAnand R P
_911937
245 0 _aInternational courts and contemporary conflicts
260 _aBombay
_bAsia Publishing House India
_c1974
300 _axii,479p.
_ccm.
650 _aLAW
_97240
942 _hZ1:881, L4
_cTEXL
_2CC
999 _c118383
_d118383